| 000 | 00513nam a22001937a 4500 | ||
|---|---|---|---|
| 003 | OSt | ||
| 005 | 20140310181922.0 | ||
| 008 | 130718t xxu||||| |||| 00| 0 eng d | ||
| 020 | _a0761129634 | ||
| 050 |
_aPR 2895 _b.Sh527 2003 |
||
| 082 |
_aTR 822.33 _bSh1 20 |
||
| 245 | _aShakespeare : fandex family field guides / | ||
| 260 |
_aNew York : _bWorkman Publishing. _cc2003. |
||
| 300 |
_a96 p. _bcol. : ill. ; _c27 cm. |
||
| 521 | _aFaculty | ||
| 541 | _j1 | ||
| 562 | _e1 | ||
| 942 |
_2lcc _cBK-TR _kTR |
||
| 999 |
_c7012 _d7012 |
||